| 000 | 01272cab a22002295a 4500 | ||
|---|---|---|---|
| 001 | L147231 | ||
| 008 | 090417s2009 xxk f 000 0 eng d | ||
| 035 | _a(Sirsi) u147231 | ||
| 041 | 0 | _aeng | |
| 245 | 0 | 0 | _aCooling off |
| 260 | _2009 | ||
| 490 | 4 |
_aThe Estate Agent _vApril 2009, 8-10(3) |
|
| 520 | _aReports on how the "cooling off" regulations giving consumers seven days to change their minds about contracts signed in their own homes or at their own offices which came into effect in 2008 affects estate agents. Explains how to get round the Cancellation of Contracts Made in a Consumer's Home or Place of Work Regulations 2008, and gives advice on how to act. Concludes by considering possible future developments, including an EU Directive which might double the cooling off period to 14 days. | ||
| 590 | _aKA | ||
| 650 | 2 | 4 | _aCANCELLATION OF CONTRACTS CONCLUDED AWAY FROM BUSINESS PREMISES REGULATIONS 1987 |
| 650 | 2 | 4 | _aCANCELLATION OF CONTRACTS MADE IN A CONSUMER'S HOME OR PLACE OF WORK ETC REGULATIONS 2008 |
| 650 | 2 | 4 | _aEU PROPOSAL FOR A DIRECTIVE ON CONSUMER RIGHTS |
| 650 | 2 | 4 | _aHOME INFORMATION PACKS |
| 651 | 4 |
_aEngland and Wales _y1543- |
|
| 690 | _aPROPERTY-RESIDENTIAL PROPERTY-RESIDENTIAL PROPERTY ACQUISITION AND DISPOSAL | ||
| 942 | _n0 | ||
| 999 |
_c81447 _d81447 |
||